000 00448nam a2200145Ia 4500
008 151015s9999 xx 000 0 und d
020 _a130941492
050 _aRT 98 .N88 2003
245 _aClark,Mary JO
250 _a_Community Health Nursing caring for population(4th ed) Mary Jo Clark
300 _aNew Jersey Prentice hall 2003
500 _aincludes index.
650 _a_Community health nursing
700 _a^d20130510 12:21:40^oanne
999 _c4222
_d4222